|
|
|
|
| LEADER |
00000cam a2200000 7i4500 |
| 001 |
0000001518 |
| 005 |
20151222.0 |
| 008 |
070705 |
| 020 |
|
|
|a 1903954037
|
| 090 |
0 |
0 |
|a G
|b ENG
|
| 100 |
1 |
|
|a Wade, Laura
|
| 245 |
1 |
0 |
|a Sea and sealife
|c Laura Wade
|
| 260 |
|
|
|a London :
|b Zigzag Children's Books ,
|c 2002
|
| 440 |
|
|
|a Knowledge masters
|
| 500 |
|
|
|a Children ages 10-12 years old (pink)
|
| 650 |
|
0 |
|a Science
|
| 999 |
|
|
|a 0000954762
|b Book
|c Children Collection
|e Perbadanan Perpustakaan Awam Johor
|
| 999 |
|
|
|a 0000954763
|b Book
|c Children Collection
|e Cawangan Mersing
|
| 999 |
|
|
|a 0000954764
|b Book
|c Children Collection
|e Perbadanan Perpustakaan Awam Johor
|
| 999 |
|
|
|a 0000987804
|b Book
|c Children Collection
|e Perbadanan Perpustakaan Awam Johor
|
| 999 |
|
|
|a 0000987805
|b Book
|c Children Collection
|e Cawangan Bandar Penawar
|
| 999 |
|
|
|a 0000987806
|b Book
|c Children Collection
|e Perbadanan Perpustakaan Awam Johor
|
| 999 |
|
|
|a CD00954764
|b CD-ROM
|c REFERENCE
|e Perbadanan Perpustakaan Awam Johor
|
| 999 |
|
|
|a CD00987805
|b CD-ROM
|c REFERENCE
|e Perbadanan Perpustakaan Awam Johor
|
| 999 |
|
|
|a CD00987806
|b CD-ROM
|c REFERENCE
|e Perbadanan Perpustakaan Awam Johor
|